000 00440nam a2200169 a 4500
005 20140310183322.0
008 060307s19uu xx 00 eng d
020 _a0425170055
050 _aPS 3553
_b.C587 1999
100 _aClancy, Tom
245 _aRainbow six /
_cTom Clancy.
260 _aNew York :
_bThe Berkley Publishing Group,
_c1999.
300 _a897 p. :
_c18 cm.
650 _aFiction
942 _cBK
_2lcc
999 _c21421
_d21421